LEADER 01414nam 2200409 450 001 9910643731203321 005 20230213223955.0 010 $a0-89118-272-1 035 $a(CKB)3810000000041890 035 $a(WaSeSS)IndRDA00111423 035 $a(EXLCZ)993810000000041890 100 $a20190319d1964 uy 0 101 0 $aeng 135 $aur||||||||||| 181 $ctxt$2rdacontent 182 $cc$2rdamedia 183 $acr$2rdacarrier 200 00$aForage plant physiology and soil-range relationships /$fsponsored by the Crop Science Society of America, Soil Science Society of America and American Society of Range Management 210 1$aMadison, Wisconsion :$cAmerican Society of Agronomy,$d1964. 215 $a1 online resource (250 pages) 225 1 $aASA Special Publication ;$vNumber 5 311 $a0-89118-025-7 410 0$aASA special publication ;$vNumber 5. 606 $aPlant-soil relationships 606 $aForage plants$xSoils 615 0$aPlant-soil relationships. 615 0$aForage plants$xSoils. 676 $a582.0522 712 02$aCrop Science Society of America, 712 02$aSoil Science Society of America, 712 02$aAmerican Society of Range Management, 801 0$bWaSeSS 801 1$bWaSeSS 906 $aBOOK 912 $a9910643731203321 996 $aForage plant physiology and soil-range relationships$93005809 997 $aUNINA LEADER 03421nam 2200601zu 450 001 9910627293103321 005 20210807004954.0 010 $a1-78064-000-5 035 $a(CKB)3710000000435203 035 $a(SSID)ssj0001613621 035 $a(PQKBManifestationID)16338423 035 $a(PQKBTitleCode)TC0001613621 035 $a(PQKBWorkID)12644409 035 $a(PQKB)11092474 035 $a(EXLCZ)993710000000435203 100 $a20160829d2012 uy 101 0 $aeng 181 $ctxt 182 $cc 183 $acr 200 10$aRethinking park protection : treading the uncommon ground of environmental beliefs 210 31$a[Place of publication not identified]$cCABI$d2012 300 $aBibliographic Level Mode of Issuance: Monograph 311 $a1-84593-999-9 327 $aForeword: A call to action -- pt. 1. Tending Parks in a Field of Competing Beliefs -- The Ecology of Belief : It's all in the Connections -- The Power of Belief : The Real Limits of Preservation -- The Energy and Dynamics of Belief -- Norms, Ethics, and Beliefs in Parks -- Organizational Beliefs : From Visionary to Functionary -- Beliefs as Values, Possessions, and Lenses -- pt. 2. Cutting through the Tangled Roots of Belief -- Credibility, Authenticity, Believability, and Park Maintenance -- Patterns of Thinking, Structures of Believing -- The Nesting Habits of Beliefs and the Belief Tree -- The Symbolism of Beliefs : Signs, Symbols, Icons, and Omens -- This I Believe : Discovering Your Belief System -- Belief Bites : Truisms, Metaphors, Aphorisms, Wisdom of the Ages -- Beliefs as Environmental Super Highways and Roadblocks -- pt. 3. Cultivating the Wide World of Supporting Beliefs -- Belief-Based Science and Research Methods -- From Beliefs to Science and Back Again -- Politics of Belief : Park Wildlife as a Case Study -- Parks as Spiritual, Sacred, and Religious Beliefs -- Toward Environmental Sanity through the Ecology of Belief -- Parks as Belief : Making Peace with Paradox -- Afterword: The Human Need Maslow Rejected : The Need to Believe. 517 $aRethinking park protection 606 $aNational parks and reserves$xConservation and restoration 606 $aNational parks and reserves$xManagement 606 $aParks$xConservation and restoration 606 $aParks$xManagement 606 $aEnvironmental policy$xPhilosophy 606 $aEnvironmental protection$xSocial aspects 606 $aEnvironmental protection$xPolitical aspects 606 $aBelief and doubt 606 $aArt, Architecture & Applied Arts$2HILCC 606 $aGardens, Landscape Architecture & Parks$2HILCC 615 0$aNational parks and reserves$xConservation and restoration. 615 0$aNational parks and reserves$xManagement. 615 0$aParks$xConservation and restoration. 615 0$aParks$xManagement. 615 0$aEnvironmental policy$xPhilosophy. 615 0$aEnvironmental protection$xSocial aspects. 615 0$aEnvironmental protection$xPolitical aspects. 615 0$aBelief and doubt. 615 7$aArt, Architecture & Applied Arts 615 7$aGardens, Landscape Architecture & Parks 676 $a333.78/3 700 $aLa Page$b Will$01266418 801 0$bPQKB 906 $aBOOK 912 $a9910627293103321 996 $aRethinking park protection : treading the uncommon ground of environmental beliefs$92973095 997 $aUNINA LEADER 03768nam 22006615 450 001 9910616400403321 005 20251009102913.0 010 $a9783030975203$b(electronic bk.) 010 $z9783030975197 024 7 $a10.1007/978-3-030-97520-3 035 $a(MiAaPQ)EBC7102618 035 $a(Au-PeEL)EBL7102618 035 $a(CKB)24959533900041 035 $a(DE-He213)978-3-030-97520-3 035 $a(EXLCZ)9924959533900041 100 $a20220930d2022 u| 0 101 0 $aeng 135 $aurcnu|||||||| 181 $ctxt$2rdacontent 182 $cc$2rdamedia 183 $acr$2rdacarrier 200 10$aBilingual Creativity and Arab Contact Literature $eTowards a World Englishes and Translation Studies Framework /$fby Dina Hassan 205 $a1st ed. 2022. 210 1$aCham :$cSpringer International Publishing :$cImprint: Palgrave Macmillan,$d2022. 215 $a1 online resource (225 pages) 311 08$aPrint version: Hassan, Dina Bilingual Creativity and Arab Contact Literature Cham : Springer International Publishing AG,c2022 9783030975197 320 $aIncludes bibliographical references and index. 327 $aChapter 1.Introduction -- Chapter 2.An Integrated Approach to the Proposed Framework of Analysis -- Chapter 3.Contact Linguistics, Translation Studies and the Bilingual Creativity of Samia Serageldine?s The Cairo House (2000) and Leila Ahmed?s A Border Passage (2000) -- Chapter 4.Codeswitching and the East/West Encounter -- Chapter 5.Pedagogical Implications of Contact Literature -- Chapter 6.Conclusion. . 330 $aThis book adopts an integrated approach to the study of contact literature through collaboration between theories of World Englishes and translation studies. The author proposes an interactive framework that integrates linguistic and cultural perspectives, through the analysis of selected Anglo-Arab and Arab-American contact literary texts: Samia Serageldine?s The Cairo House (2000), Leila Ahmed?s A Border Passage (1999), Leila Aboulela?s The Translator (1999), Ahdaf Soueif?s The Map of Love (2000), and Abdelkebir Khatibi?s Love in Two Languages (1990). The author then discusses the pedagogical implications of bilingual creativity via a language in literature approach. This book will be of interest to students and scholars of translation studies, literature and cultural studies. Dina Hassan is a Lecturer at the Department of Modern Languages, Literatures, and Linguistics at the University of Oklahoma, USA. She obtained her PhD from Texas Tech University, USA. Her research interests lie at the intersection of linguistics, translation studies, and literature, with a special focus on Arab-American literature. 606 $aTranslating and interpreting 606 $aMiddle Eastern literature 606 $aEducation in literature 606 $aMultilingualism 606 $aCulture$xStudy and teaching 606 $aLanguage Translation 606 $aMiddle Eastern Literature 606 $aLiterature and Pedagogy 606 $aMultilingualism 606 $aCultural Studies 615 0$aTranslating and interpreting. 615 0$aMiddle Eastern literature. 615 0$aEducation in literature. 615 0$aMultilingualism. 615 0$aCulture$xStudy and teaching. 615 14$aLanguage Translation. 615 24$aMiddle Eastern Literature. 615 24$aLiterature and Pedagogy. 615 24$aMultilingualism. 615 24$aCultural Studies. 676 $a170 676 $a306.446 700 $aHassan$b Dina$01261189 801 0$bMiAaPQ 801 1$bMiAaPQ 801 2$bMiAaPQ 912 $a9910616400403321 996 $aBilingual Creativity and Arab Contact Literature$92929678 997 $aUNINA